000 01085nam2a2200253 4500
001 RU\NLR\BIBL_A\012367061
005 20201008083845.0
010 _a978-5-907250-45-1
_bкн. 1
_9118
021 _aRU
_bКН-П-20-033402
_9КН-П-20-2558
035 _a(NLR Aleph) 012367061
035 _a(RuMoRGB)010356903
090 _a11558057
_c11558057
100 _a20201001d2020 u y0rusy50 ca
101 0 _arus
102 _aRU
105 _aah z 000ay
200 1 _aПасека
210 _d2020
215 _a389, [2] с.
_cил., факс.
461 0 _1001RU\NLR\BIBL_A\012367056
_12001#$aНаследники Дерсу$eповесть$fГеннадий Исиков$vКн. 1
_1700#1$aИсиков$bГ. А.$f1948-$gГеннадий Александрович
_911558030
_aИсиков, Г. А. (1948-)
_cМосква
_d2020
_e[2-е изд.]
_fГеннадий Исиков
_nИздание книг ком
_oповесть
_tНаследники Дерсу
_y9785907250444
_vКн. 1
942 _cBOOK
980 _aNB